[Event "SRB-chT 1st League"]
[Site "Kragujevac"]
[Date "2015.09.08"]
[Round "5.3"]
[White "Sorgic, Dragan"]
[Black "Lukovic, Vladimir"]
[Result "0-1"]
[WhiteElo "2215"]
[BlackElo "2438"]
[PlyCount "108"]
[EventDate "2015.09.05"]
[EventType "team-tourn"]
[EventRounds "11"]
[EventCountry "SRB"]
[SourceTitle "EXT 2016"]
[Source "ChessBase"]
[SourceDate "2015.10.08"]
[SourceVersion "1"]
[SourceVersionDate "2015.10.08"]
[SourceQuality "1"]
[WhiteTeam "Arandjelovac"]
[BlackTeam "Valjevo 2005"]
[WhiteTeamCountry "SRB"]
[BlackTeamCountry "SRB"]

1. e4 e6 2. d4 d5 3. Nc3 Bb4 4. e5 c5 5. a3 Bxc3+ 6. bxc3 Qa5 7. Bd2 Qa4 8. Qb1 c4 9. h4 Nc6 10. Nf3 Nge7 11. h5 h6 12. Be2 Bd7 13. Qc1 0-0-0 14. Rh3 Rdf8 15. Nh4 f6 16. f4 Rf7 17. Bf3 fxe5 18. fxe5 Kb8 19. Rg3 Re8 20. Qb2 Nc8 21. Rb1 Nb6 22. Ng6 Qa6 23. Kf2 Na4 24. Qa1 Qa5 25. Be1 a6 26. Kg1 Na7 27. Rb4 Nb5 28. Bd2 Qc7 29. Rxa4 a5 30. Rb4 axb4 31. cxb4 c3 32. Be3 Qc4 33. Rg4 Kc7 34. Nf4 Ra8 35. Be2 Qxb4 36. Qf1 Rxf4 37. axb4 Rxf1+ 38. Bxf1 Na3 39. Bd3 Ba4 40. Rxg7+ Kc6 41. Re7 Bxc2 42. Rxe6+ Kc7 43. Be2 Be4 44. b5 Nc2 45. b6+ Kd7 46. Rd6+ Ke7 47. Bxh6 Rg8 48. Bb5 Nxd4 49. Rd7+ Ke6 50. Ba4 Rxg2+ 51. Kf1 Ra2 52. Rxb7 Bd3+ 53. Ke1 Nf3+ 54. Kd1 Rxa4 0-1

[Event "SRB-chT 1st League"]
[Site "Kragujevac"]
[Date "2015.09.07"]
[Round "4.4"]
[White "Radovanovic, Mihajlo"]
[Black "Sorgic, Dragan"]
[Result "1/2-1/2"]
[WhiteElo "2421"]
[BlackElo "2215"]
[PlyCount "97"]
[EventDate "2015.09.05"]
[EventType "team-tourn"]
[EventRounds "11"]
[EventCountry "SRB"]
[SourceTitle "EXT 2016"]
[Source "ChessBase"]
[SourceDate "2015.10.08"]
[SourceVersion "1"]
[SourceVersionDate "2015.10.08"]
[SourceQuality "1"]
[WhiteTeam "Smederevska Palanka"]
[BlackTeam "Arandjelovac"]
[WhiteTeamCountry "SRB"]
[BlackTeamCountry "SRB"]

1. Nf3 Nf6 2. c4 g6 3. g3 Bg7 4. Bg2 d6 5. d4 0-0 6. 0-0 c6 7. Nc3 Be6 8. d5 cxd5 9. cxd5 Bd7 10. h3 a5 11. a4 Qb6 12. Ne1 Rc8 13. Nd3 Na6 14. Be3 Qd8 15. f4 Bf5 16. Nf2 Ne8 17. Bd2 Qb6 18. e4 Bd7 19. Rb1 Nb4 20. Kh2 Nc7 21. Qe2 Qa6 22. Qf3 b5 23. b3 Qb7 24. Rfc1 bxa4 25. bxa4 Nca6 26. Bf1 Nc5 27. Bb5 Bxb5 28. axb5 Bxc3 29. Bxc3 Qxb5 30. f5 Ncd3 31. fxg6 hxg6 32. Ng4 Qe8 33. Ba1 Nxc1 34. Qf4 Rc2+ 35. Kh1 Ne2 36. Nh6+ Kf8 37. Qh4 Qc8 38. Nf5 Nxg3+ 39. Nxg3 Rc1+ 40. Kg2 Qc2+ 41. Kf3 Qd1+ 42. Kf4 Qd2+ 43. Kg4 f5+ 44. Nxf5 gxf5+ 45. Kxf5 Nxd5 46. Qh8+ Kf7 47. Qh5+ Kf8 48. Qh8+ Kf7 49. Qh5+ 1/2-1/2

[Event "SRB-chT 1st League"]
[Site "Kragujevac"]
[Date "2015.09.05"]
[Round "1.5"]
[White "Sorgic, Dragan"]
[Black "Markovic, Zoran S"]
[Result "1/2-1/2"]
[WhiteElo "2215"]
[BlackElo "2367"]
[PlyCount "49"]
[EventDate "2015.09.05"]
[EventType "team-tourn"]
[EventRounds "11"]
[EventCountry "SRB"]
[SourceTitle "EXT 2016"]
[Source "ChessBase"]
[SourceDate "2015.10.08"]
[SourceVersion "1"]
[SourceVersionDate "2015.10.08"]
[SourceQuality "1"]
[WhiteTeam "Arandjelovac"]
[BlackTeam "Petrovac Sloga"]
[WhiteTeamCountry "SRB"]
[BlackTeamCountry "SRB"]

1. e4 c5 2. Nf3 Nc6 3. d4 cxd4 4. Nxd4 Nf6 5. Nc3 e5 6. Ndb5 d6 7. Nd5 Nxd5 8. exd5 Nb8 9. a4 Be7 10. Be2 0-0 11. 0-0 Nd7 12. a5 a6 13. Nc3 f5 14. Bd2 Bg5 15. Na4 e4 16. f4 exf3 17. Bxf3 Ne5 18. Nb6 Rb8 19. Be2 Bxd2 20. Qxd2 g5 21. Nc4 Nxc4 22. Bxc4 Qf6 23. Rad1 Bd7 24. Qd4 Qxd4+ 25. Rxd4 1/2-1/2

[Event "SRB Central-ch op-A 8th"]
[Site "Paracin"]
[Date "2015.07.09"]
[Round "8"]
[White "Sorgic, Dragan"]
[Black "Smith, Bryan G"]
[Result "0-1"]
[WhiteElo "2234"]
[BlackElo "2479"]
[PlyCount "110"]
[EventDate "2015.07.03"]
[EventType "swiss"]
[EventRounds "9"]
[EventCountry "SRB"]
[SourceTitle "CBM 167 Extra"]
[Source "ChessBase"]
[SourceDate "2015.09.14"]
[SourceVersion "1"]
[SourceVersionDate "2015.09.14"]
[SourceQuality "1"]

1. e4 c5 2. Nf3 d6 3. d4 cxd4 4. Nxd4 Nf6 5. Nc3 a6 6. Be3 e5 7. Nb3 Be6 8. h3 h5 9. Qd2 Nbd7 10. 0-0-0 b5 11. f4 Qc7 12. Nd5 Bxd5 13. exd5 Rc8 14. Kb1 Ne4 15. Qd3 Ng3 16. Rg1 Be7 17. Rc1 0-0 18. Qd2 Nf6 19. c4 Nxf1 20. Rgxf1 bxc4 21. Na5 c3 22. Rxc3 Ne4 23. Rxc7 Nxd2+ 24. Bxd2 Rxc7 25. Nc6 Rfc8 26. Rc1 Kf8 27. a4 Ke8 28. Rc4 exf4 29. Bxf4 Kd7 30. Rb4 Rxc6 31. dxc6+ Rxc6 32. Rb7+ Ke6 33. Bd2 Bf6 34. b4 Bd4 35. b5 Rc4 36. a5 axb5 37. Rxb5 Bc5 38. Rb2 Kd5 39. Rb7 Ke6 40. Kb2 Ra4 41. Bc3 g5 42. Kb3 Ra3+ 43. Kc4 h4 44. Rb2 Kd7 45. Bb4 Ra4 46. Kb5 Rxb4+ 47. Rxb4 Bxb4 48. Kxb4 f5 49. Kc4 Kc6 50. a6 Kb6 51. Kd5 g4 52. Kd4 Kxa6 53. Ke3 Kb5 54. Kf4 gxh3 55. gxh3 d5 0-1

[Event "SRB Central-ch op-A 8th"]
[Site "Paracin"]
[Date "2015.07.06"]
[Round "4"]
[White "Martynov, Pavel1111"]
[Black "Sorgic, Dragan"]
[Result "1-0"]
[WhiteElo "2385"]
[BlackElo "2234"]
[PlyCount "119"]
[EventDate "2015.07.03"]
[EventType "swiss"]
[EventRounds "9"]
[EventCountry "SRB"]
[SourceTitle "CBM 167 Extra"]
[Source "ChessBase"]
[SourceDate "2015.09.14"]
[SourceVersion "1"]
[SourceVersionDate "2015.09.14"]
[SourceQuality "1"]

1. d4 Nf6 2. c4 g6 3. Nc3 Bg7 4. e4 d6 5. Be2 0-0 6. g4 e5 7. d5 a5 8. h4 Na6 9. h5 Nc5 10. f3 c6 11. Be3 cxd5 12. cxd5 Bd7 13. Nh3 a4 14. Nf2 Qa5 15. h6 Bh8 16. 0-0 Rfc8 17. Qd2 b5 18. Rfc1 Ne8 19. Nd3 b4 20. Nd1 Nxd3 21. Bxd3 Bf6 22. a3 Rxc1 23. Rxc1 bxa3 24. Qxa5 Rxa5 25. bxa3 Ra8 26. Rb1 Bd8 27. Kf2 Kf8 28. Ke2 Ba5 29. Nb2 Rb8 30. Nc4 Rxb1 31. Bxb1 Bb5 32. Bd3 Bc3 33. Bd2 Bd4 34. Nxe5 Bxd3+ 35. Nxd3 Ke7 36. Bb4 Kd7 37. Ne1 Nc7 38. Kd3 Bb2 39. Nc2 Bc1 40. Bd2 Bb2 41. Kc4 Ke7 42. Bg5+ Kd7 43. Be3 f5 44. exf5 gxf5 45. g5 Ke7 46. Bd4 Bxd4 47. Nxd4 Kf7 48. Nxf5 Kg6 49. Nxd6 Kxg5 50. Ne4+ Kxh6 51. d6 Ne6 52. d7 Kg6 53. Kd5 Kf5 54. Ng5 Nd8 55. Nxh7 Kg6 56. Kd6 Kxh7 57. Ke7 Nc6+ 58. Ke8 Kg6 59. d8Q Nxd8 60. Kxd8 1-0

[Event "Veliko Gradiste Silver Lake op-A"]
[Site "Veliko Gradiste"]
[Date "2015.06.28"]
[Round "9"]
[White "Sorgic, Dragan"]
[Black "Radovanovic, Dusan"]
[Result "1-0"]
[WhiteElo "2198"]
[BlackElo "2347"]
[PlyCount "79"]
[EventDate "2015.06.20"]
[EventType "swiss"]
[EventRounds "9"]
[EventCountry "SRB"]
[SourceTitle "CBM 167 Extra"]
[Source "ChessBase"]
[SourceDate "2015.09.14"]
[SourceVersion "1"]
[SourceVersionDate "2015.09.14"]
[SourceQuality "1"]

1. e4 c5 2. Nf3 Nc6 3. d4 cxd4 4. Nxd4 Nf6 5. Nc3 e5 6. Ndb5 d6 7. Nd5 Nxd5 8. exd5 Nb8 9. a4 Be7 10. Be2 0-0 11. 0-0 Nd7 12. c3 a6 13. Na3 Bg5 14. Bxg5 Qxg5 15. Nc4 Qe7 16. b4 f5 17. Re1 f4 18. f3 Rb8 19. a5 Nf6 20. Nb6 Bf5 21. c4 Rbd8 22. Rc1 g5 23. c5 Qg7 24. Bd3 Bxd3 25. Qxd3 g4 26. c6 Rf7 27. Rc2 gxf3 28. Qxf3 Kh8 29. Rec1 Rc7 30. Qh3 Ng4 31. cxb7 Rxb7 32. Rc8 Rb8 33. R8c7 Qg6 34. Nc4 Rxb4 35. Nxd6 Rxd6 36. Rxh7+ Qxh7 37. Rc8+ Kg7 38. Rc7+ Kf6 39. Qxh7 Rxd5 40. Rf7+ 1-0

[Event "Veliko Gradiste Silver Lake op-A"]
[Site "Veliko Gradiste"]
[Date "2015.06.22"]
[Round "3"]
[White "Saric, Sinisa"]
[Black "Sorgic, Dragan"]
[Result "1-0"]
[WhiteElo "2432"]
[BlackElo "2198"]
[PlyCount "59"]
[EventDate "2015.06.20"]
[EventType "swiss"]
[EventRounds "9"]
[EventCountry "SRB"]
[SourceTitle "CBM 167 Extra"]
[Source "ChessBase"]
[SourceDate "2015.09.14"]
[SourceVersion "1"]
[SourceVersionDate "2015.09.14"]
[SourceQuality "1"]

1. d4 Nf6 2. c4 g6 3. Nc3 Bg7 4. e4 d6 5. Nf3 0-0 6. Be2 e5 7. Be3 c6 8. Qd2 exd4 9. Nxd4 Re8 10. f3 d5 11. exd5 cxd5 12. 0-0 Nc6 13. c5 Nh5 14. Bf2 Be5 15. g3 Ng7 16. Rfd1 Be6 17. Nxe6 Nxe6 18. f4 Bd4 19. Bf3 Bxc5 20. Bxc5 Nxc5 21. Nxd5 Re6 22. b4 Nd7 23. Bg4 f5 24. Bf3 Kg7 25. b5 Ne7 26. Qc3+ Kh6 27. Nc7 Rc8 28. Nxe6 Qb6+ 29. Qd4 Qxe6 30. Re1 1-0

[Event "SRB-ch Central"]
[Site "Kragujevac"]
[Date "2015.03.09"]
[Round "1"]
[White "Sorgic, Dragan"]
[Black "Kovacevic, Aleksandar"]
[Result "0-1"]
[WhiteElo "2220"]
[BlackElo "2517"]
[PlyCount "56"]
[EventDate "2015.03.09"]
[EventType "swiss"]
[EventRounds "9"]
[EventCountry "SRB"]
[SourceTitle "CBM 165 Extra"]
[Source "ChessBase"]
[SourceDate "2015.04.21"]
[SourceVersion "1"]
[SourceVersionDate "2015.04.21"]
[SourceQuality "1"]

1. e4 c5 2. Nf3 d6 3. d4 cxd4 4. Nxd4 Nf6 5. Nc3 a6 6. Be3 e5 7. Nb3 Be6 8. h3 Nbd7 9. g4 Rc8 10. Qd2 h6 11. 0-0-0 b5 12. f4 Qc7 13. Rh2 Be7 14. Nd5 Bxd5 15. exd5 exf4 16. Bxf4 Nb6 17. Bg2 0-0 18. Bf3 Nfd7 19. g5 hxg5 20. Bxg5 Ne5 21. Nd4 Nbc4 22. Qg2 Bxg5+ 23. Qxg5 Nxf3 24. Nxf3 Nxb2 25. Qh5 Qc3 26. Ng5 Nd3+ 27. Rxd3 Qxd3 28. Rg2 Rc4 0-1

[Event "Paracin-ch"]
[Site "Paracin"]
[Date "2015.01.17"]
[Round "3"]
[White "Abramovic, Bosko"]
[Black "Sorgic, Dragan"]
[Result "1/2-1/2"]
[WhiteElo "2464"]
[BlackElo "2184"]
[PlyCount "82"]
[EventDate "2015.01.15"]
[EventType "swiss"]
[EventRounds "7"]
[EventCountry "SRB"]
[SourceTitle "CBM 164 Extra"]
[Source "ChessBase"]
[SourceDate "2015.03.02"]
[SourceVersion "1"]
[SourceVersionDate "2015.03.02"]
[SourceQuality "1"]

1. g3 Nf6 2. Bg2 g6 3. e4 d6 4. d4 Bg7 5. Ne2 0-0 6. 0-0 e5 7. Nbc3 Nc6 8. dxe5 dxe5 9. Be3 Bg4 10. h3 Bxe2 11. Nxe2 Qe7 12. c3 Rfd8 13. Qc2 Qe6 14. Nc1 Na5 15. b3 b6 16. Nd3 c5 17. Nb2 Ne8 18. Rfd1 Bf8 19. Bf1 Nd6 20. Rd2 Be7 21. Rad1 Kg7 22. h4 Ne8 23. Kh2 Rxd2 24. Rxd2 Nf6 25. f3 Rd8 26. Rxd8 Bxd8 27. Qd2 Be7 28. Nc4 Nxc4 29. Bxc4 Qd6 30. Bh6+ Kg8 31. Kg2 Qxd2+ 32. Bxd2 Kg7 33. Bb5 Bd6 34. a3 Nh5 35. b4 Kf8 36. Bc6 cxb4 37. cxb4 Ke7 38. a4 Ng7 39. Bd5 Ne6 40. Bxe6 Kxe6 41. Kf1 a6 1/2-1/2

[Event "Belgrade Trophy 28th"]
[Site "Belgrade"]
[Date "2014.12.01"]
[Round "8"]
[White "Sorgic, Dragan"]
[Black "Miladinovic, Lena"]
[Result "0-1"]
[WhiteElo "2242"]
[BlackElo "2110"]
[PlyCount "84"]
[EventDate "2014.11.24"]
[EventType "swiss"]
[EventRounds "9"]
[EventCountry "SRB"]
[SourceTitle "CBM 163 Extra"]
[Source "ChessBase"]
[SourceDate "2014.12.23"]
[SourceVersion "1"]
[SourceVersionDate "2014.12.23"]
[SourceQuality "1"]

1. e4 c5 2. Nf3 e6 3. d4 cxd4 4. Nxd4 Nc6 5. Nc3 Qc7 6. Be3 Nf6 7. f4 Nxd4 8. Qxd4 Ng4 9. 0-0-0 Nxe3 10. Qxe3 a6 11. e5 b5 12. Ne4 Bb7 13. Bd3 Rc8 14. Kb1 Bd5 15. Rhf1 Qa5 16. b3 Bxe4 17. Bxe4 Bb4 18. Rd3 Rc3 19. Rf3 Rc7 20. c3 Bc5 21. Qe2 b4 22. c4 Qb6 23. f5 a5 24. fxe6 dxe6 25. Rf1 g6 26. h4 Ra7 27. Qf3 0-0 28. Bc6 Rc7 29. Bb5 Ra7 30. h5 Qc7 31. Qe4 Rd8 32. Rdf3 Rd4 33. Qe2 Qd8 34. Kc2 Qa8 35. Re3 Rh4 36. hxg6 hxg6 37. Rd3 Re4 38. Qd2 Be7 39. Rh1 Rxe5 40. Qh6 Bf6 41. Qh7+ Kf8 42. Rhd1 Rh5 0-1

[Event "Novi Sad Vujovic Memorial"]
[Site "Novi Sad"]
[Date "2014.11.20"]
[Round "10"]
[White "Sorgic, Dragan"]
[Black "Jovic, Stevan"]
[Result "1/2-1/2"]
[WhiteElo "2242"]
[BlackElo "2273"]
[PlyCount "30"]
[EventDate "2014.11.14"]
[EventType "swiss"]
[EventRounds "10"]
[EventCountry "SRB"]
[SourceTitle "CBM 163 Extra"]
[Source "ChessBase"]
[SourceDate "2014.12.23"]
[SourceVersion "1"]
[SourceVersionDate "2014.12.23"]
[SourceQuality "1"]

1. e4 c6 2. d4 d5 3. Nd2 dxe4 4. Nxe4 Bf5 5. Ng3 Bg6 6. h4 h6 7. h5 Bh7 8. Bd3 Bxd3 9. Qxd3 Nf6 10. Be3 Nbd7 11. Nf3 Nb6 12. c3 e6 13. 0-0 Be7 14. Rad1 Qd5 15. b3 0-0 1/2-1/2

[Event "Novi Sad Vujovic Memorial"]
[Site "Novi Sad"]
[Date "2014.11.18"]
[Round "7"]
[White "Matic, Novica"]
[Black "Sorgic, Dragan"]
[Result "0-1"]
[WhiteElo "2025"]
[BlackElo "2242"]
[PlyCount "136"]
[EventDate "2014.11.14"]
[EventType "swiss"]
[EventRounds "10"]
[EventCountry "SRB"]
[SourceTitle "CBM 163 Extra"]
[Source "ChessBase"]
[SourceDate "2014.12.23"]
[SourceVersion "1"]
[SourceVersionDate "2014.12.23"]
[SourceQuality "1"]

1. d4 Nf6 2. Nf3 g6 3. Bg5 Bg7 4. Nbd2 h6 5. Bh4 d6 6. e4 g5 7. Bg3 Nh5 8. c3 c5 9. dxc5 Nxg3 10. hxg3 dxc5 11. Bc4 Nc6 12. Qc2 Qc7 13. 0-0 a6 14. a4 0-0 15. Rfe1 Rb8 16. Nf1 b5 17. axb5 axb5 18. Be2 b4 19. Ne3 e6 20. Rac1 bxc3 21. bxc3 Rd8 22. Rb1 Rxb1 23. Rxb1 Qa5 24. Bb5 Ne5 25. Nxe5 Bxe5 26. Ng4 Qxc3 27. Qxc3 Bxc3 28. Nxh6+ Kg7 29. Ng4 Bb7 30. Rc1 Bd4 31. Bd3 Bc6 32. e5 Ra8 33. Bc4 Rb8 34. Rc2 Rb4 35. Be2 Be4 36. Rc1 Rb2 37. Bf1 Kg6 38. Ne3 Bxe3 39. fxe3 Rc2 40. Rxc2 Bxc2 41. g4 Bd1 42. Bd3+ Kg7 43. Kf2 Bxg4 44. Ke1 Kf8 45. Bb5 Ke7 46. Kd2 Kd8 47. Kc3 Kc7 48. Be8 Bh5 49. Kc4 Kb6 50. Kc3 Bg6 51. Kc4 Bh5 52. Kc3 Bg6 53. Kc4 Bb1 54. Bxf7 Ba2+ 55. Kc3 Kc6 56. e4 Kd7 57. Bh5 Bb1 58. Bg6 Kc6 59. Be8+ Kb6 60. Bd7 Bxe4 61. Bxe6 Bxg2 62. Bf5 Kc6 63. e6 Kd6 64. Kc4 Bf1+ 65. Kc3 Bb5 66. Kb3 Bc6 67. Kc4 Bd5+ 68. Kd3 Bxe6 0-1

[Event "SRB-chT2 West"]
[Site "Sabac"]
[Date "2014.09.26"]
[Round "2.4"]
[White "Sorgic, Dragan"]
[Black "Krstic, Petar"]
[Result "0-1"]
[WhiteElo "2255"]
[BlackElo "2326"]
[PlyCount "105"]
[EventDate "2014.09.25"]
[EventType "team-swiss"]
[EventRounds "6"]
[EventCountry "SRB"]
[SourceTitle "EXT 2015"]
[Source "ChessBase"]
[SourceDate "2014.11.20"]
[SourceVersion "1"]
[SourceVersionDate "2014.11.20"]
[SourceQuality "1"]

1. e4 d6 2. d4 Nf6 3. Nc3 e5 4. Nf3 Nbd7 5. Bc4 Be7 6. 0-0 0-0 7. Re1 c6 8. a4 exd4 9. Nxd4 Nb6 10. Be2 d5 11. a5 Nbd7 12. exd5 cxd5 13. Bf3 Bb4 14. Bd2 Nc5 15. Nce2 Bxd2 16. Qxd2 Nce4 17. Qb4 Ng5 18. Ng3 Nxf3+ 19. Nxf3 Qc7 20. Nd4 Bd7 21. c3 Rfe8 22. Ndf5 Re6 23. Nd4 Rxe1+ 24. Rxe1 Re8 25. Rxe8+ Bxe8 26. Ngf5 g6 27. Ne3 h5 28. Nb3 b6 29. Qd4 Qc6 30. axb6 axb6 31. Qe5 Qe6 32. f4 Nd7 33. Qxe6 fxe6 34. Nd4 Kf7 35. Kf2 Nc5 36. Nd1 Ba4 37. Ke2 Bxd1+ 38. Kxd1 Nd3 39. g3 Nxb2+ 40. Kc2 Nc4 41. Kd3 Kf6 42. Ne2 Ke7 43. Nd4 e5 44. fxe5 Nxe5+ 45. Ke2 Ng4 46. h4 Nf6 47. Ke3 Ne4 48. Ne2 Kd6 49. Kd4 Nc5 50. Nc1 b5 51. Ne2 Ne6+ 52. Ke3 Ke5 53. Nc1 0-1

[Event "Vojvodina-ch 5th"]
[Site "Novi Sad"]
[Date "2014.07.13"]
[Round "3"]
[White "Sorgic, Dragan"]
[Black "Burovic, Ismet"]
[Result "0-1"]
[WhiteElo "2238"]
[BlackElo "2366"]
[PlyCount "82"]
[EventDate "2014.07.12"]
[EventType "swiss"]
[EventRounds "9"]
[EventCountry "YUG"]
[SourceTitle "CBM 161 Extra"]
[Source "ChessBase"]
[SourceDate "2014.08.29"]
[SourceVersion "1"]
[SourceVersionDate "2014.08.29"]
[SourceQuality "1"]

1. e4 c6 2. d4 d5 3. Nc3 g6 4. Nf3 Bg7 5. h3 Nh6 6. Bd3 dxe4 7. Nxe4 Nf5 8. c3 0-0 9. 0-0 Nd6 10. Ng3 Nd7 11. Re1 c5 12. Bg5 Re8 13. Qd2 cxd4 14. cxd4 Nf6 15. a4 b6 16. Ne5 Bb7 17. Bh6 Rc8 18. Bxg7 Kxg7 19. a5 Bd5 20. Ng4 Nxg4 21. hxg4 h6 22. Qf4 f6 23. axb6 axb6 24. Nh5+ gxh5 25. gxh5 Rh8 26. Re3 Rc7 27. Rg3+ Kf8 28. Rg6 Nf7 29. Rg3 Ng5 30. Qe3 Rg8 31. Bg6 Qd6 32. Bf5 e6 33. Bg6 Ke7 34. Re1 Qb4 35. Kh2 Qxb2 36. f4 Nf7 37. Bxf7 Kxf7 38. f5 Rc2 39. Qxe6+ Bxe6 40. fxe6+ Ke7 41. Rxg8 Re2 0-1

[Event "Skopje Karposh op"]
[Site "Skopje"]
[Date "2014.04.04"]
[Round "8"]
[White "Maier, Christian"]
[Black "Sorgic, Dragan"]
[Result "1-0"]
[WhiteElo "2376"]
[BlackElo "2244"]
[PlyCount "59"]
[EventDate "2014.03.29"]
[EventType "swiss"]
[EventRounds "9"]
[EventCountry "MKD"]
[SourceTitle "CBM 159 Extra"]
[Source "ChessBase"]
[SourceDate "2014.04.24"]
[SourceVersion "1"]
[SourceVersionDate "2014.04.24"]
[SourceQuality "1"]

1. e4 c5 2. Nf3 Nc6 3. Bb5 g6 4. 0-0 Bg7 5. Nc3 e5 6. a3 Nge7 7. b4 d6 8. Rb1 0-0 9. Re1 h6 10. Bc4 Kh7 11. h3 f5 12. d3 f4 13. Nd5 g5 14. c3 Ng6 15. Nh2 f3 16. Nxf3 g4 17. Nh2 Qh4 18. Be3 g3 19. Nf3 gxf2+ 20. Bxf2 Qh5 21. Nh2 Qg5 22. Re3 Nf4 23. Rg3 Qd8 24. bxc5 Bf6 25. Nf3 Na5 26. Ba2 Be6 27. d4 Bxd5 28. Bxd5 Nxd5 29. exd5 e4 30. Qc2 1-0

[Event "SRB Central-ch op"]
[Site "Vrnjacka Banja"]
[Date "2014.03.22"]
[Round "8"]
[White "Sorgic, Dragan"]
[Black "Zivkovic, Nemanja"]
[Result "0-1"]
[WhiteElo "2244"]
[BlackElo "2290"]
[PlyCount "56"]
[EventDate "2014.03.17"]
[EventType "swiss"]
[EventRounds "9"]
[EventCountry "SRB"]
[SourceTitle "CBM 159 Extra"]
[Source "ChessBase"]
[SourceDate "2014.04.24"]
[SourceVersion "1"]
[SourceVersionDate "2014.04.24"]
[SourceQuality "1"]

1. e4 c5 2. Nf3 d6 3. d4 cxd4 4. Nxd4 Nf6 5. Nc3 a6 6. Be3 e5 7. Nb3 Be6 8. h3 Nbd7 9. g4 h6 10. f4 exf4 11. Bxf4 Ne5 12. Qe2 Be7 13. 0-0-0 Nfd7 14. Kb1 Rc8 15. Nd5 Bxd5 16. Rxd5 0-0 17. Rd1 Re8 18. Rg1 Nc4 19. Qh2 Bf6 20. Bxc4 Rxc4 21. Nd2 Rb4 22. b3 Qb6 23. Bxd6 Qd4 24. e5 Nxe5 25. Nc4 Nd3 26. c3 Qxc3 27. Qd2 Qa1+ 28. Kc2 Qxa2+ 0-1

[Event "SRB Central-ch op"]
[Site "Vrnjacka Banja"]
[Date "2014.03.18"]
[Round "2"]
[White "Velickovic, Sasa"]
[Black "Sorgic, Dragan"]
[Result "1-0"]
[WhiteElo "2377"]
[BlackElo "2244"]
[PlyCount "137"]
[EventDate "2014.03.17"]
[EventType "swiss"]
[EventRounds "9"]
[EventCountry "SRB"]
[SourceTitle "CBM 159 Extra"]
[Source "ChessBase"]
[SourceDate "2014.04.24"]
[SourceVersion "1"]
[SourceVersionDate "2014.04.24"]
[SourceQuality "1"]

1. e4 d6 2. d4 Nf6 3. Nc3 g6 4. g3 Bg7 5. Bg2 0-0 6. Nge2 e5 7. h3 Nc6 8. Be3 exd4 9. Nxd4 Nxd4 10. Bxd4 Be6 11. 0-0 Re8 12. Re1 c6 13. Qd3 Qc7 14. a4 a5 15. Rad1 Rad8 16. Qe3 c5 17. Bxf6 Bxf6 18. Nb5 Qb8 19. Qd2 b6 20. b3 c4 21. b4 c3 22. Nxc3 axb4 23. Nd5 Bxd5 24. Qxd5 Qc7 25. Re2 Bc3 26. Re3 Qc5 27. Red3 Be5 28. Qb3 Rc8 29. R1d2 Bc3 30. Rd1 Red8 31. Rd5 Qc7 32. h4 Qe7 33. Rb5 Qa7 34. Rbd5 Qe7 35. Rb5 Qa7 36. Bf1 Rc5 37. Bc4 Rxb5 38. Bxb5 Qe7 39. Qd5 Qf6 40. Kg2 Kg7 41. f4 Qe6 42. e5 b3 43. cxb3 Bb4 44. Qd3 d5 45. Bc4 Qe7 46. Bxd5 Qc5 47. Qf3 Qc2+ 48. Kh3 h5 49. Qd3 Qc8+ 50. Kg2 Qc5 51. Qe4 Qc3 52. Qc4 Qxc4 53. bxc4 Rc8 54. Rb1 Bc5 55. Rb5 Rc7 56. a5 bxa5 57. Rxa5 Bd4 58. Rb5 Kf8 59. Kf3 Ke7 60. Rb3 Ra7 61. Ke4 Bf2 62. Rf3 Be1 63. f5 Ke8 64. Bc6+ Ke7 65. fxg6 fxg6 66. Bd5 Ra2 67. e6 Kd6 68. c5+ Ke7 69. Bxa2 1-0

[Event "Kragujevac Radnicki"]
[Site "Kragujevac"]
[Date "2014.03.09"]
[Round "9"]
[White "Jovanovic, Dusan D"]
[Black "Sorgic, Dragan"]
[Result "1-0"]
[WhiteElo "2407"]
[BlackElo "2244"]
[PlyCount "127"]
[EventDate "2014.03.03"]
[EventType "tourn"]
[EventRounds "11"]
[EventCountry "SRB"]
[EventCategory "4"]
[SourceTitle "CBM 159 Extra"]
[Source "ChessBase"]
[SourceDate "2014.04.24"]
[SourceVersion "1"]
[SourceVersionDate "2014.04.24"]
[SourceQuality "1"]

1. Nf3 Nf6 2. c4 g6 3. Nc3 Bg7 4. e4 d6 5. d4 0-0 6. Be2 e5 7. 0-0 c6 8. Qc2 Qe7 9. d5 Na6 10. a3 Bd7 11. Rd1 cxd5 12. cxd5 Rfc8 13. Be3 Nc5 14. Nd2 Ne8 15. Rdc1 f5 16. f3 Nf6 17. Qd1 Nh5 18. b4 Na6 19. Nb5 Nf4 20. Kh1 Bh6 21. Nxa7 Rxc1 22. Rxc1 Nd3 23. Bxd3 Bxe3 24. Nb5 fxe4 25. fxe4 Rf8 26. Rc2 Qg5 27. Nf1 Bb6 28. Nxd6 Ba4 29. Nxb7 Rf2 30. Rxf2 Bxd1 31. Rd2 Ba4 32. Bxa6 Be3 33. Rd3 Bd4 34. d6 Qc1 35. Rxd4 exd4 36. Nc5 Bc6 37. d7 Bxd7 38. Nxd7 Qxa3 39. Nc5 Qxb4 40. Nd3 Qa4 41. Nc5 Qa1 42. Bc4+ Kf8 43. Nb3 Qc3 44. Nbd2 d3 45. g3 Qd4 46. Kg2 Ke7 47. h4 h6 48. Kf3 Kf6 49. Ne3 h5 50. Bd5 Qa1 51. Nec4 Qe1 52. e5+ Ke7 53. Kf4 Qf2+ 54. Nf3 Qc5 55. Ke4 Qf2 56. Kxd3 Qxg3 57. Ne3 Qf2 58. Be4 Qg3 59. Nd5+ Ke6 60. Ke3 g5 61. hxg5 h4 62. Nf4+ Kd7 63. Bf5+ Ke8 64. e6 1-0